SANGHARSH JARI HAI (HINDI) (Record no. 18559)

MARC details
000 -LEADER
fixed length control field 00244nam a22001097a 4500
003 - CONTROL NUMBER IDENTIFIER
control field SGT
082 ## - DEWEY DECIMAL CLASSIFICATION NUMBER
Classification number 370
Item number NIS
100 ## - MAIN ENTRY--PERSONAL NAME
Personal name NISANK, RAMESH POKHRIYAL
245 ## - TITLE STATEMENT
Title SANGHARSH JARI HAI (HINDI)
260 ## - PUBLICATION, DISTRIBUTION, ETC. (IMPRINT)
Place of publication, distribution, etc DELHI
Name of publisher, distributor, etc WINSAR PUB.
942 ## - ADDED ENTRY ELEMENTS (KOHA)
Source of classification or shelving scheme Dewey Decimal Classification
Koha item type Books
942 ## - ADDED ENTRY ELEMENTS (KOHA)
-- 2
Holdings
Withdrawn status Lost status Source of classification or shelving scheme Damaged status Not for loan Collection code Home library Current library Date acquired SGTU Total Checkouts Full call number Accession No. (Barcode) Date last seen Date last borrowed Bill Date Koha item type
    Dewey Decimal Classification     MASS COMMUNICATION SGT Science & Social Sciences Library SGT Science & Social Sciences Library 22/07/2019 SGTU 2 370 NIS MC605 05/03/2025 03/03/2025 22/07/2019 Books